000 00590nam a22001937a 4500
003 OSt
005 20140310182023.0
008 130801t xxu||||| |||| 00| 0 eng d
020 _a9716098405
050 _aPZ 8.1
_b.M199 2004
082 _aFIL 398.21599
_bM27 2004
100 _aMagnuson, Robert Gunnar
_97205
245 _aThe spectacular tree /
_cwritten and illustrated by Robert Gunnar Magnuson.
260 _aManila :
_bLampara Pub. House,
_cc2004.
300 _a30 p. :
_bill. col. ;
_c23 cm.
650 _aTales
_xPhilippines.
_97206
942 _2lcc
_cBK-FIL
999 _c8403
_d8403